header

Democracy, citizenship and youth (Record no. 97615)

MARC details
000 -LEADER
fixed length control field 01614nam a2200385Ia 4500
082 04 - DEWEY DECIMAL CLASSIFICATION NUMBER
Classification number 323.04208350981
245 00 - TITLE STATEMENT
Title Democracy, citizenship and youth
260 ## - PUBLICATION, DISTRIBUTION, ETC. (IMPRINT)
Place of publication London :
Name of publisher Tauris Academic Studies,
Year of publication 2009.
300 ## - PHYSICAL DESCRIPTION
Number of Pages xix, 200 p.
490 1# - SERIES STATEMENT
Series statement International library of political studies ;
650 #0 - SUBJECT ADDED ENTRY--TOPICAL TERM
Topical Term Social participation
Topical Term Youth
Topical Term Youth
Topical Term Youth
Topical Term Youth
700 1# - ADDED ENTRY--PERSONAL NAME
Personal name Silva, Itamar.
Personal name Ferreira, Anna Luiza Salles Souto.
856 40 - ELECTRONIC LOCATION AND ACCESS
Uniform Resource Identifier http://site.ebrary.com/lib/rucke/Doc?id=10377912

No items available.

© 2026 Rongo University
Contact us: librarian | system librarian | Rongo university